000 00291nam a2200133Ia 4500
100 _aHerstein/ I.N./ Winter/ D.
942 _cBK
654 _aAlgebra
245 _aPrimer on Linear Algebra
260 _bMacmillan pub
_aNew York
_c1990
300 _a563
546 _aENGLISH
999 _c32818
_d32818